000 00982nam a2200277Ia 4500
003 OSt
005 20220930092700.0
006 a|||||r|||| 00| 0
007 ta
008 220926b |||||||| |||| 00| 0 eng d
024 _a23728
037 _cTheses
040 _aCRL
_cCRL
_beng
041 _2eng
_aeng
100 _aGohel Kalpesh
_9549451
110 _aUniversity OF Delhi. Faculty OF Medical Sciences. Departmet OF Community Medicine
_9549452
245 0 _aPrevalence of gestational diabetes mellitus in urbanized villages of east Delhi
260 _c2014
650 _aCOMMUNITY HEALTH SERVICES
700 _a Dr. Kamal Agrawal Gu.
700 _a Dr. Pragti Chhabra Gu.
_9537639
700 _a Dr. S. V. Madhu Gu.
_9532943
700 _aUniversity OF Delhi. Faculty OF Medical Sciences. Departmet OF Community Medicine
_9549453
942 _cDIS
_2CC
999 _c884144
_d884144